ბათუმის შოთა რუსთაველის სახელმწიფო უნივერსიტეტის ბიბლიოთეკა

Математический анализ т.2 (ბიბ.ჩანაწერი № 47959)

000 -LEADER
fixed length control field 00546nam a2200205Ia 4500
001 - CONTROL NUMBER
control field 14836
003 - CONTROL NUMBER IDENTIFIER
control field GE_BSU
008 - FIXED-LENGTH DATA ELEMENTS--GENERAL INFORMATION
fixed length control field 181216s||||||||xx |||||||||||||| ||und||
040 ## - CATALOGING SOURCE
Transcribing agency GE_BSU
080 ## - UNIVERSAL DECIMAL CLASSIFICATION NUMBER
Universal Decimal Classification number 517(075.8)
100 ## - MAIN ENTRY--PERSONAL NAME
Personal name Берс,Липман
245 ## - TITLE STATEMENT
Title Математический анализ т.2
245 ## - TITLE STATEMENT
Statement of responsibility, etc. Под.ред.И.М.Яглома
260 ## - PUBLICATION, DISTRIBUTION, ETC.
Place of publication, distribution, etc. Москва
260 ## - PUBLICATION, DISTRIBUTION, ETC.
Name of publisher, distributor, etc. Высшая школа
260 ## - PUBLICATION, DISTRIBUTION, ETC.
Date of publication, distribution, etc. 1975
300 ## - PHYSICAL DESCRIPTION
Extent 544стр.22см.
653 ## - INDEX TERM--UNCONTROLLED
Uncontrolled term Математический анализ
942 ## - ADDED ENTRY ELEMENTS (KOHA)
Koha item type წიგნი
ეგზემპლარები
Withdrawn status Lost status Damaged status Not for loan Date acquired Barcode Date last seen Price effective from Koha item type
        2018-12-17 15600 2018-12-17 2018-12-17 წიგნი
        2018-12-17 16931 2018-12-17 2018-12-17 წიგნი